Çin Ülke Testi - Statistics

General Stats
  • This quiz has been taken 447 times
  • The average score is 8 of 28
Answer Stats
İpucu Cevap % Correct
Çin’in başkentinin ismi nedir? Pekin
97%
Çincenin en çok konuşulan lehçeleri nelerdir? Wu / Şanghayca
66%
Çin ülkesinin tam Türkçe adı nedir? Çin {Halk} {Cumhuriyeti}
56%
Çin'i temsil etmek için genellikle hangi mitolojik hayvan kullanılır? Ejderha
54%
1997'de hangi eski İngiliz kolonisi Çin'e geri verildi? Hong Kong
45%
Antik Çin'in dört "Büyük Buluşu" neydi? Kağıt yapımı
45%
Çincenin en çok konuşulan lehçeleri nelerdir? Mandarin
40%
Çin’in para birimi nedir? Renminbi
36%
Antik Çin'in dört "Büyük Buluşu" neydi? Barut
35%
Çin’in ulusal hayvanı nedir? Dev Panda
33%
Antik Çin'in dört "Büyük Buluşu" neydi? Matbaacılık
31%
Antik Çin'in dört "Büyük Buluşu" neydi? Pusula
30%
Komünist Çin'in ilk lideri kimdi? Mao Zedong
27%
1950'de Çin hangi ülkeyi ilhak etti? Tibet
27%
Antik Çin'deki en etkili filozof kimdi? Konfüçyüs
25%
Çin’in en uzun dağı nedir? Everest Dağı
22%
Çin’in en büyük çölü nedir? Gobi
21%
1999'da hangi eski Portekiz kolonisi Çin'e döndü? Makao
19%
Çin burçlarında on iki hayvan var. Hangisi önce gelir? Sıçan
14%
Çin'in en uzun iki nehri hangisidir? Sarı
14%
Çin'in en kuzeydoğu kısmının gayri resmi adı nedir? Mançurya
13%
Laozi'nin öğretilerini hangi din / felsefi gelenek izler? Taoizm
11%
Bir zamanlar Çin imparatorunun yaşadığı yerleşkenin adı nedir? {Yasak} Şehir
8%
Çincenin en çok konuşulan lehçeleri nelerdir? Yue / Kantonca
8%
İngilizcede o şehrin eski adı nedir? Peking
6%
1989'da demokrasi protestolarının ve kanlı bir katliamın yaşandığı yer neresiydi? {Tiananmen} Meydanı
6%
Çin’in en büyük adası nedir? Hainan
5%
Çin'in en uzun iki nehri hangisidir? Yangtze
5%
No matching quizzes found
Score Distribution
Percent of People with Each Score
Percentile by Number Answered
Your Score History
You have not taken this quiz